Системы управления производственными процессами: межвузовский сборник научных трудов

Dettagli Bibliografici
Ente Autore: Новочеркасский политехнический институт им. Серго Орджоникидзе (НПИ)
Altri autori: Потоцкий С. И. (редактор)
Lingua:russo
Pubblicazione: Новочеркасск, 1990
Soggetti:
Natura: MixedMaterials Libro
KOHA link:https://koha.lib.tpu.ru/cgi-bin/koha/opac-detail.pl?biblionumber=191948

MARC

LEADER 00000nam0a2200000 4500
001 191948
005 20231031180923.0
035 |a (RuTPU)RU\TPU\book\209313 
090 |a 191948 
100 |a 20110215d1990 k y0rusy50 ca 
101 0 |a rus 
102 |a RU 
105 |a a z 001zy 
200 1 |a Системы управления производственными процессами  |e межвузовский сборник научных трудов  |f Новочеркасский политехнический институт им. Серго Орджоникидзе (НПИ) ; под ред. С. И. Потоцкого 
210 |a Новочеркасск  |d 1990 
215 |a 140 с.  |c ил. 
320 |a Библиогр. в конце ст. 
610 1 |a производственные процессы 
610 1 |a системы управления 
610 1 |a проектирование 
610 1 |a моделирование процесса 
610 1 |a информационное обеспечение 
675 |a 658.512.4.011.56.001  |v 3 
702 1 |a Потоцкий  |b С. И.  |4 340 
712 0 2 |a Новочеркасский политехнический институт им. Серго Орджоникидзе (НПИ)  |c (1948-1993)  |2 stltpush  |3 (RuTPU)RU\TPU\col\227 
801 1 |a RU  |b 63413507  |c 20110215 
801 2 |a RU  |b 63413507  |c 20111005  |g RCR 
942 |c BK